Conservation of caves in Great Britain: I. the growth of cave conservation (Registro nro. 10073)

Detalles MARC
000 -CABECERA
Campo de control 004640000a22001570004500
090 ## - CLASIFICACIÓN LOCAL
Colección AR
Consecutivo 00985
041 0# - IDIOMA
Código de idioma para texto/pista de sonido o título separado
100 1# - ASIENTO PRINCIPAL--NOMBRE PERSONAL
Nombre personal Wilmut, John
245 10 - MENCION DE TITULO
Título Conservation of caves in Great Britain: I. the growth of cave conservation
650 14 - ASIENTO SECUNDARIO DE MATERIA - TERMINO TEMATICO
Término temático o nombre geográfico como elemento de entrada Cavernas
650 14 - ASIENTO SECUNDARIO DE MATERIA - TERMINO TEMATICO
Término temático o nombre geográfico como elemento de entrada Espeleología
650 14 - ASIENTO SECUNDARIO DE MATERIA - TERMINO TEMATICO
Término temático o nombre geográfico como elemento de entrada Conservación de cavernas
651 #4 - ASIENTO SECUNDARIO DE MATERIA - NOMBRE GEOGRAFICO
-- Inglaterra
773 1# - Item fuente:
Título Studies in Speleology
Especificación de materiales 356
Paginas del Articulo 5-10
Lugar, editorial y fecha de publicación 1990?
942 ## - ELEMENTOS ADICIONALES (KOHA)
Tipo de ítem Artículo
Existencias
Withdrawn status Lost status Damaged status No para préstamo Colección Ubicación Permanente Ubicación actual Fecha de adquisición Fuente de Valor Datos de publicación Seriada Total Checkouts Número topográfico Inventario / Código de Barras Date last seen Ejemplar Price effective from Forma de adquisición Tipo de material
      No para Préstamo Hemeroteca Bogotá Bogotá 27/02/2015 Muñoz Saba, Yaneth Fuera de circulación   AR 00985 011288 25/03/2015 1 25/03/2015   Artículo